000 00338nam a2200133Ia 4500
008 100328s9999 xx 000 0 und d
082 _b1626
100 _aGurko Leo
245 _aCrisis Of The American Mind
260 _bRider & Co.
630 _aCrisis Of The American Mind
730 _aCrisis Of The American Mind
942 _cBOOK
999 _c497892
_d497889